Burgundy (Record no. 420466)

MARC details
000 -LEADER
fixed length control field 00348nam a2200157Ia 4500
008 - FIXED-LENGTH DATA ELEMENTS--GENERAL INFORMATION
fixed length control field 230605s1990 xx 000 0 und d
041 ## - LANGUAGE CODE
Language code of text/sound track or separate title eng
100 ## - MAIN ENTRY--PERSONAL NAME
Personal name Parker
245 ## - TITLE STATEMENT
Title Burgundy
260 ## - PUBLICATION, DISTRIBUTION, ETC.
Name of publisher, distributor, etc. Dorling Kindersitey London
Date of publication, distribution, etc. 1990
300 ## - PHYSICAL DESCRIPTION
Extent 1052p
365 ## - TRADE PRICE
Tax rate 1 20
520 ## - SUMMARY, ETC.
Summary, etc. Hard Board
520 ## - SUMMARY, ETC.
Summary, etc. Reference Copy
650 ## - SUBJECT ADDED ENTRY--TOPICAL TERM
Topical term or geographic name entry element F.Pro

No items available.